[Event "DEM U16 2007"]
[Site "Willingen GER"]
[Date "2007.05.27"]
[Round "2"]
[White "Kaczmarczyk, Dennis"]
[Black "Dalakian, Haroutioun"]
[Result "1-0"]
[Termination "normal"]
[Board "10"]
[WhiteElo "2135"]
[BlackElo "1918"]
[PlyCount "125"]
[WhiteFideId "24608297"]
[BlackFideId "24632058"]
[EventCountry "GER"]
[EventRounds "9"]
[EventType "swiss"]
[EventDate "2007.05.26"]

1. d4 Nf6 2. Bg5 d5 3. Bxf6 exf6 4. e3 Bd6 5. c4 dxc4 6. Bxc4 O-O 7. Nc3 f5 8.
Nf3 c6 9. O-O Nd7 10. a3 Qe7 11. Nd2 Nf6 12. Qf3 g6 13. h3 Kg7 14. Rfe1 Bc7 15.
Rad1 Be6 16. e4 fxe4 17. Ncxe4 Bxc4 18. Nxc4 Nxe4 19. Rxe4 Qf6 20. Qe3 Rad8 21.
Nd2 Rd5 22. Nf3 c5 23. Qb3 Rfd8 24. Qxb7 Bb6 25. Ne5 cxd4 26. Nd3 R5d7 27. Qa6
Qf5 28. Re5 Qf6 29. Rc1 Rd5 30. Rxd5 Rxd5 31. Qc4 Rd7 32. Qc6 Qf5 33. Rd1 Re7
34. Qc2 Bc7 35. Qd2 Qd5 36. Re1 Rxe1+ 37. Qxe1 Qd6 38. Qe4 f5 39. Qb7 a5 40.
Kf1 Kf6 41. Qc8 Qd8 42. Qa6+ Qd6 43. Qc4 f4 44. Nc5 Ke7 45. Qe2+ Qe5 46. Nd3
Qxe2+ 47. Kxe2 Ke6 48. Ne1 Kd5 49. Kd3 Bd8 50. Nf3 Bf6 51. b4 axb4 52. axb4 Be7
53. b5 Bc5 54. Nd2 Ba7 55. Nc4 Bb8 56. f3 Bc7 57. b6 Bb8 58. b7 Ba7 59. Na5 Kc5
60. Nb3+ Kc6 61. Nxd4+ Kxb7 62. Ke4 Kc7 63. Nb5+ 1-0

[Event "DEM U16 2007"]
[Site "Willingen GER"]
[Date "2007.05.27"]
[Round "2"]
[White "Seyb, Alexander"]
[Black "Jacobi, Robin"]
[Result "1-0"]
[Termination "normal"]
[Board "11"]
[WhiteElo "2103"]
[BlackElo "1977"]
[PlyCount "55"]
[WhiteFideId "4699033"]
[BlackFideId "24646962"]
[EventCountry "GER"]
[EventRounds "9"]
[EventType "swiss"]
[EventDate "2007.05.26"]

1. e4 c5 2. Nf3 Nc6 3. d4 cxd4 4. Nxd4 g6 5. Nc3 Bg7 6. Be3 Nf6 7. Bc4 Qa5 8.
O-O O-O 9. Nb3 Qc7 10. Be2 d6 11. f4 b6 12. Bf3 Bb7 13. Qe1 Ba6 14. Rf2 Rac8
15. Rd1 Rfe8 16. Rfd2 Na5 17. Nxa5 bxa5 18. Bd4 e5 19. Bf2 Bf8 20. Kh1 Rb8 21.
Bh4 Rxb2 22. Qe3 Rc8 23. Bxf6 Qxc3 24. Qxc3 Rxc3 25. fxe5 Rxf3 26. gxf3 dxe5
27. Rd8 Rb7 28. Rxf8+ 1-0

[Event "DEM U16 2007"]
[Site "Willingen GER"]
[Date "2007.05.27"]
[Round "2"]
[White "Wendling, Hannes"]
[Black "Roitzsch, Philippe"]
[Result "1-0"]
[Termination "normal"]
[Board "12"]
[WhiteElo "2136"]
[BlackElo "1874"]
[PlyCount "105"]
[WhiteFideId "24624284"]
[BlackFideId "24635529"]
[EventCountry "GER"]
[EventRounds "9"]
[EventType "swiss"]
[EventDate "2007.05.26"]

1. e4 e5 2. Nf3 Nc6 3. Bb5 Bc5 4. c3 Nf6 5. d3 d6 6. Bg5 a6 7. Ba4 b5 8. Bb3
Be6 9. Nbd2 h6 10. Bh4 Qe7 11. Bd5 Bxd5 12. exd5 Nb8 13. a4 bxa4 14. Qxa4+ Nbd7
15. Bxf6 Qxf6 16. Qc6 Rd8 17. Ne4 Qg6 18. Nh4 Qg4 19. Nxc5 dxc5 20. Ra4 Qg5 21.
O-O O-O 22. Qxc7 Qd2 23. Nf5 Qg5 24. Ne3 Qg6 25. Rd1 f5 26. d6 f4 27. Nd5 Kh8
28. f3 Qe6 29. c4 Rc8 30. Qa7 Ra8 31. Nc7 Rxa7 32. Nxe6 Rb8 33. Rb1 Rb6 34. Nc7
Rxd6 35. Nb5 axb5 36. Rxa7 bxc4 37. dxc4 Nb6 38. b3 Kh7 39. Rc7 Nd7 40. Ra1 Kg6
41. Raa7 Nf6 42. Rxg7+ Kh5 43. Ra1 e4 44. fxe4 Nxe4 45. Re1 Ng5 46. Rc7 f3 47.
Rxc5 Kg4 48. Rd5 Rb6 49. Rd4+ Kh5 50. Re3 Rg6 51. h4 Nh3+ 52. Kh2 f2 53. Rf3
1-0

[Event "DEM U16 2007"]
[Site "Willingen GER"]
[Date "2007.05.27"]
[Round "2"]
[White "Zahn, Benno"]
[Black "Dann, Matthias"]
[Result "0-1"]
[Termination "normal"]
[Board "13"]
[WhiteElo "1846"]
[BlackElo "2093"]
[PlyCount "214"]
[WhiteFideId "24636070"]
[BlackFideId "24638056"]
[EventCountry "GER"]
[EventRounds "9"]
[EventType "swiss"]
[EventDate "2007.05.26"]

1. e4 d5 2. exd5 Qxd5 3. Nc3 Qa5 4. Nf3 Nf6 5. d4 c6 6. Bd3 Bf5 7. O-O Bxd3 8.
Qxd3 e6 9. Bf4 Nbd7 10. Nd2 Qd8 11. Rfe1 Be7 12. Nc4 Nb6 13. Ne5 O-O 14. Rad1
Nbd5 15. Nxd5 cxd5 16. c3 Qa5 17. a3 Qb6 18. Re2 Rfc8 19. Qh3 Bf8 20. f3 Re8
21. Bg5 Be7 22. Rde1 Bd8 23. g4 Qb5 24. Bf4 Bc7 25. Qg3 Bxe5 26. Bxe5 Nd7 27.
Bf4 a5 28. Qh4 Qd3 29. Rf2 b5 30. Bd6 Ra6 31. Qg3 e5 32. Bc5 Rae6 33. Rfe2 Qc4
34. Kg2 f6 35. f4 e4 36. f5 Rc6 37. Bd6 Ra6 38. Rd2 Qc6 39. Bf4 Rc8 40. Rc1 b4
41. axb4 axb4 42. Rdc2 b3 43. Re2 Nb6 44. Bd6 Nc4 45. Bc5 Ra2 46. Rb1 e3 47.
Qe1 Qe8 48. h3 Qe4+ 49. Kg3 Nd2 50. Rxe3 Nf1+ 51. Qxf1 Qxe3+ 52. Qf3 Re8 53.
Ba3 Re4 54. Qxe3 Rxe3+ 55. Kf4 Rxh3 56. Re1 Rxa3 57. bxa3 Rxc3 58. Re8+ Kf7 59.
Rb8 Rd3 60. Rb4 h6 61. a4 b2 62. Rxb2 Rxd4+ 63. Kf3 Rxa4 64. Rb7+ Kg8 65. Rd7
Rd4 66. Kg3 Kh7 67. Kf3 Rd3+ 68. Kf2 Rd4 69. Kf3 Rd3+ 70. Kf2 d4 71. Ke2 Rg3
72. Rxd4 h5 73. Kf2 h4 74. Rb4 Kh6 75. Ra4 Kg5 76. Ra7 Rxg4 77. Rxg7+ Kxf5 78.
Rh7 Ra4 79. Kg2 Kg4 80. Rg7+ Kf4 81. Kh3 Kf5 82. Rg8 Re4 83. Ra8 Rc4 84. Ra5+
Kg6 85. Ra8 f5 86. Rg8+ Kf7 87. Ra8 Kf6 88. Rf8+ Kg5 89. Rg8+ Kf4 90. Kxh4 Kf3+
91. Kh3 f4 92. Ra8 Re4 93. Ra2 Re3 94. Rb2 Re4 95. Ra2 Rd4 96. Ra3+ Ke2 97. Kg2
Rd2 98. Ra1 f3+ 99. Kg1 Rb2 100. Rf1 Rb4 101. Ra1 f2+ 102. Kg2 Rg4+ 103. Kh3
Rg1 104. Ra2+ Ke3 105. Ra3+ Kd4 106. Ra4+ Kc5 107. Ra5+ Kb4 0-1

[Event "DEM U16 2007"]
[Site "Willingen GER"]
[Date "2007.05.27"]
[Round "2"]
[White "Kim, Oi-sin"]
[Black "Windjäger, Gerd"]
[Result "1-0"]
[Termination "normal"]
[Board "14"]
[WhiteElo "2088"]
[BlackElo "1478"]
[PlyCount "59"]
[WhiteFideId "24605778"]
[EventCountry "GER"]
[EventRounds "9"]
[EventType "swiss"]
[EventDate "2007.05.26"]

1. c4 f5 2. g3 Nf6 3. Bg2 g6 4. Nc3 Bg7 5. d3 O-O 6. e3 d6 7. Nge2 e5 8. e4 c6
9. O-O Na6 10. h3 Qe7 11. Bg5 h6 12. Be3 Nh5 13. Qd2 g5 14. exf5 Bf6 15. d4 Nc7
16. dxe5 dxe5 17. Rad1 Rd8 18. Qxd8+ Qxd8 19. Rxd8+ Bxd8 20. Rd1 Be7 21. a3 Kg7
22. Nc1 Nf6 23. g4 Nfe8 24. Nd3 Bf6 25. Ne4 a5 26. Re1 Bd7 27. Nxf6 Nxf6 28.
Nxe5 Re8 29. Bb6 Na8 30. Bxa5 1-0